LEADER 03490nam 22007815 450 001 9910299784903321 005 20251230064155.0 010 $a3-319-10629-5 024 7 $a10.1007/978-3-319-10629-8 035 $a(CKB)3710000000311761 035 $a(EBL)1965259 035 $a(OCoLC)897810331 035 $a(SSID)ssj0001408423 035 $a(PQKBManifestationID)11856297 035 $a(PQKBTitleCode)TC0001408423 035 $a(PQKBWorkID)11347373 035 $a(PQKB)10746337 035 $a(DE-He213)978-3-319-10629-8 035 $a(MiAaPQ)EBC1965259 035 $a(PPN)183148614 035 $a(EXLCZ)993710000000311761 100 $a20141204d2015 u| 0 101 0 $aeng 135 $aur|n|---||||| 181 $ctxt 182 $cc 183 $acr 200 10$aTraffic and Granular Flow '13 /$fedited by Mohcine Chraibi, Maik Boltes, Andreas Schadschneider, Armin Seyfried 205 $a1st ed. 2015. 210 1$aCham :$cSpringer International Publishing :$cImprint: Springer,$d2015. 215 $a1 online resource (617 p.) 300 $aDescription based upon print version of record. 311 08$a3-319-10628-7 320 $aIncludes bibliographical references. 327 $aPart I: Pedestrian Dynamics and Evacuation Dynamics -- Part II: Highway and Urban Vehicular Traffic -- Part III: Biological Systems and Granular Flow. 330 $aThis book continues the biannual series of conference proceedings, which has become a classical reference resource in traffic and granular research alike, and addresses the latest developments at the intersection of physics, engineering and computational science. These involve complex systems, in which multiple simple agents, be they vehicles or particles, give rise to surprising and fascinating phenomena. The contributions collected in these proceedings cover several research fields, all of which deal with transport. Topics include highway, pedestrian and internet traffic; granular matter; biological transport; transport networks; data acquisition; data analysis and technological applications. Different perspectives, i.e., modeling, simulations, experiments, and phenomenological observations are considered.    . 606 $aMathematics$xData processing 606 $aSystem theory 606 $aSoft condensed matter 606 $aGame theory 606 $aComputer simulation 606 $aComputational Science and Engineering 606 $aComplex Systems 606 $aSoft and Granular Matter 606 $aGame Theory 606 $aComputer Modelling 615 0$aMathematics$xData processing. 615 0$aSystem theory. 615 0$aSoft condensed matter. 615 0$aGame theory. 615 0$aComputer simulation. 615 14$aComputational Science and Engineering. 615 24$aComplex Systems. 615 24$aSoft and Granular Matter. 615 24$aGame Theory. 615 24$aComputer Modelling. 676 $a003.3 676 $a004 676 $a510 676 $a519 702 $aChraibi$b Mohcine$4edt$4http://id.loc.gov/vocabulary/relators/edt 702 $aBoltes$b Maik$4edt$4http://id.loc.gov/vocabulary/relators/edt 702 $aSchadschneider$b Andreas$4edt$4http://id.loc.gov/vocabulary/relators/edt 702 $aSeyfried$b Armin$4edt$4http://id.loc.gov/vocabulary/relators/edt 906 $aBOOK 912 $a9910299784903321 996 $aTraffic and granular flow '13$91564877 997 $aUNINA